[Event "Auburn Hills op"]
[Site "Auburn Hills"]
[Date "2004.04.18"]
[Round "5"]
[White "Gant, Matthew"]
[Black "Poniatowski, Donald"]
[Result "0-1"]
[WhiteElo "1104"]
[BlackElo "1354"]
[PlyCount "78"]
[EventDate "2004.04.17"]
[EventType "swiss"]
[EventRounds "5"]
[EventCountry "USA"]
[SourceTitle "EXT 2008"]
[Source "ChessBase"]
[SourceDate "2007.11.25"]
[SourceVersion "1"]
[SourceVersionDate "2007.11.25"]
[SourceQuality "1"]

1. e4 d5 2. exd5 Nf6 3. Nc3 Nxd5 4. Nxd5 Qxd5 5. Nf3 e5 6. d3 Nc6 7. Be2 Bd7 8. 0-0 0-0-0 9. Bg5 f6 10. Be3 g5 11. Ne1 Kb8 12. Bg4 h6 13. Bxd7 Qxd7 14. Qf3 f5 15. Qe2 f4 16. Bd2 g4 17. Bc3 Qf5 18. Qe4 Qg5 19. Rd1 Bc5 20. g3 fxg3 21. hxg3 h5 22. Ng2 Rhf8 23. Qe2 Rf3 24. Kh1 Rdf8 25. Be1 Nd4 26. Qd2 Qg8 27. Ra1 Nf5 28. Rg1 Qh8 29. Nh4 Nxh4 30. gxh4 Qf6 31. Rg2 Qxh4+ 32. Rh2 Rh3 33. Rxh3 Qxh3+ 34. Kg1 Qg3+ 35. Kf1 a6 36. b4 Be3 37. Qe2 h4 38. Rb1 h3 39. b5 Qg2# 0-1

[Event "Auburn Hills op"]
[Site "Auburn Hills"]
[Date "2003.04.27"]
[Round "5"]
[White "Gant, Matthew"]
[Black "Vasos, John"]
[Result "1-0"]
[WhiteElo "1224"]
[BlackElo "1200"]
[PlyCount "116"]
[EventDate "2003.04.26"]
[EventType "swiss"]
[EventRounds "5"]
[EventCountry "USA"]
[SourceTitle "EXT 2007"]
[Source "ChessBase"]
[SourceDate "2006.11.23"]
[SourceVersion "1"]
[SourceVersionDate "2006.11.23"]
[SourceQuality "1"]

1. e4 e5 2. Nf3 Nc6 3. Nc3 Nf6 4. Bc4 Bc5 5. d3 Ng4 6. 0-0 0-0 7. Bg5 Be7 8. Bxe7 Nxe7 9. h3 Nf6 10. Nxe5 d5 11. Bb3 c6 12. Nf3 a5 13. a3 b5 14. Nd4 Qb6 15. Nce2 dxe4 16. c4 a4 17. Ba2 exd3 18. Qxd3 Ba6 19. cxb5 Bxb5 20. Nxb5 cxb5 21. Nd4 Rad8 22. Rad1 b4 23. Qb5 Qxb5 24. Nxb5 Rxd1 25. Rxd1 b3 26. Bb1 g6 27. Rd4 Ra8 28. Nc3 Kg7 29. Rxa4 Rxa4 30. Nxa4 Nfd5 31. Nc5 Nb6 32. Bd3 Ned5 33. Kf1 Kf6 34. g3 Ke5 35. Nxb3 Na4 36. Ke2 Nxb2 37. Kd2 Nb6 38. Kc2 Nxd3 39. Kxd3 Na4 40. Kc4 f5 41. Nd2 Nb6+ 42. Kc5 Nd7+ 43. Kc6 Nb8+ 44. Kc7 Na6+ 45. Kb6 Nb8 46. a4 Kd5 47. a5 Nd7+ 48. Kb5 Nb8 49. a6 Nc6 50. Kb6 h5 51. a7 Nxa7 52. Kxa7 g5 53. Kb6 g4 54. h4 Kd4 55. Kc6 f4 56. gxf4 Kd3 57. f5 Ke2 58. Ne4 Kf3 1-0